[Event "79th DEN-ch"]
[Site "Aalborg DEN"]
[Date "2000.04.15"]
[Round "1"]
[White "Fries-Nielsen, Jens Ove"]
[Black "Hansen, Curt"]
[WhiteElo "2430"]
[BlackElo "2618"]
[Result "0-1"]
[EventDate "2000.04.15"]
[PlyCount "122"]
[EventCategory "11"]
[Source "ChessBase"]
[SourceDate "2000.07.27"]

1. e4 c5 2. Nc3 Nc6 3. Bb5 Nd4 4. Nf3 Nxb5 5. Nxb5 d6 6. d4 Nf6 7. O-O a6 8.
Nc3 cxd4 9. Qxd4 Bg4 10. Nd5 Bxf3 11. gxf3 Nd7 12. f4 e6 13. Re1 Rc8 14. Bd2
Qh4 15. Nc3 Nf6 16. Qd3 Be7 17. a4 O-O 18. Qg3 Qh5 19. Kh1 Rc4 20. Rg1 g6 21.
Qd3 Rfc8 22. f3 Nd7 23. Rac1 R4c6 24. Rg3 Bf6 25. Nd1 Qc5 26. c3 Qc4 27. Qxc4
Rxc4 28. b3 R4c6 29. Rb1 Nc5 30. Rg2 Rb6 31. Be3 Rxb3 32. Rxb3 Nxb3 33. Rb2 Na5
34. Kg2 Rc4 35. Ra2 Bd8 36. Kf2 f5 37. exf5 gxf5 38. Ke2 Kf7 39. Kd3 e5 40.
fxe5 dxe5 41. Bf2 Ke6 42. Ne3 Rc6 43. Be1 Nb3 44. Ra3 Nc5+ 45. Ke2 Bg5 46. Nc4
Nd7 47. Na5 Rc7 48. Ra2 b6 49. Nb3 Rc4 50. Kd3 Kd5 51. Kc2 Bh4 52. Bd2 Bf6 53.
Be1 e4 54. fxe4+ fxe4 55. Ra3 Rc8 56. Nd2 Ne5 57. Rb3 e3 58. Nf1 Nf3 59. Kd1
Nxe1 60. Kxe1 Rxc3 61. Rxb6 Bd4 0-1

[Event "79th DEN-ch"]
[Site "Aalborg DEN"]
[Date "2000.04.15"]
[Round "1"]
[White "Hansen, Lars Bo"]
[Black "Danielsen, Henrik"]
[WhiteElo "2569"]
[BlackElo "2514"]
[Result "1/2-1/2"]
[EventDate "2000.04.15"]
[PlyCount "59"]
[EventCategory "11"]
[Source "ChessBase"]
[SourceDate "2000.07.27"]

1. d4 f5 2. Bg5 c6 3. Nc3 Qa5 4. e3 g6 5. Bd3 Bg7 6. Qd2 d6 7. Nge2 Nh6 8. f3
Nf7 9. Bh4 e5 10. f4 O-O 11. dxe5 dxe5 12. Bc4 Nd7 13. a3 b5 14. Ba2 Nb6 15.
fxe5 Nc4 16. Bxc4 bxc4 17. Bf6 Nxe5 18. Bxg7 Kxg7 19. e4 f4 20. O-O-O f3 21.
Nd4 fxg2 22. Qxg2 Bd7 23. Qg3 Rae8 24. Rhf1 Rxf1 25. Rxf1 Qd8 26. Nf5+ Kg8 27.
Nh6+ Kg7 28. Nf5+ Kg8 29. Nh6+ Kg7 30. Nb1 1/2-1/2

[Event "79th DEN-ch"]
[Site "Aalborg DEN"]
[Date "2000.04.15"]
[Round "1"]
[White "Mortensen, Erling"]
[Black "Nielsen, Peter Heine"]
[WhiteElo "2447"]
[BlackElo "2564"]
[Result "1/2-1/2"]
[EventDate "2000.04.15"]
[PlyCount "90"]
[EventCategory "11"]
[Source "ChessBase"]
[SourceDate "2000.07.27"]

1. g3 c5 2. Bg2 g6 3. e4 e5 4. d3 Bg7 5. Nc3 Ne7 6. h4 h5 7. Bg5 O-O 8. g4 hxg4
9. Qxg4 f6 10. Bd2 d6 11. Qg3 Nbc6 12. h5 Nd4 13. O-O-O g5 14. h6 Bh8 15. f4
Kh7 16. fxg5 Ng6 17. gxf6 Bxf6 18. Nf3 Nf4 19. Bxf4 exf4 20. Qf2 Nxf3 21. Qxf3
Rg8 22. Bh3 Bxc3 23. bxc3 Qf6 24. Rdg1 Bxh3 25. Qxh3 Rxg1+ 26. Rxg1 Rg8 27.
Rxg8 Kxg8 28. h7+ Kh8 29. Kd2 f3 30. Ke3 f2 31. Qf1 Qxc3 32. Qxf2 Qd4+ 33. Ke2
Qxf2+ 34. Kxf2 Kxh7 35. Kf3 Kg6 36. Kf4 Kf6 37. c4 Ke6 38. Kf3 Ke5 39. Ke3 a6
40. a4 b6 41. Ke2 Kd4 42. Kd2 a5 43. Kc2 Ke3 44. Kc3 Kf3 45. Kd2 Kf4 1/2-1/2

[Event "79th DEN-ch"]
[Site "Aalborg DEN"]
[Date "2000.04.15"]
[Round "1"]
[White "Pedersen, Steffen"]
[Black "Larsen, Bent"]
[WhiteElo "2454"]
[BlackElo "2522"]
[Result "1-0"]
[EventDate "2000.04.15"]
[SourceTitle "CBM 077"]
[PlyCount "85"]
[Source "ChessBase"]
[SourceDate "2000.07.27"]
[SourceVersion "1"]
[SourceVersionDate "2000.07.27"]
[SourceQuality "1"]

1. d4 Nf6 2. c4 e6 3. Nf3 Bb4+ 4. Bd2 a5 5. Nc3 b6 6. Bg5 Bb7 7. e3 d6 8. Bd3
h6 9. Bh4 Bxc3+ 10. bxc3 Nbd7 11. O-O Qe7 12. Nd2 g5 13. Bg3 h5 14. h4 g4 15.
Rb1 Bc6 16. Qc2 Kf8 17. e4 Ne8 18. f4 Ng7 19. Rfe1 Re8 20. e5 f5 21. exd6 Qxd6
22. c5 Qd5 23. Nc4 bxc5 24. Ne3 Qd6 25. Nc4 Qd5 26. Nxa5 cxd4 27. Nxc6 Qxc6 28.
Bb5 Qd6 29. Red1 c6 30. Rxd4 Qc7 31. Ba4 Nb6 32. Qb3 Nxa4 33. Rxa4 Kf7 34. Bf2
Rb8 35. Rb4 Rxb4 36. Qxb4 Rc8 37. a4 Ne8 38. a5 c5 39. Qb7 Nd6 40. Qxc7+ Rxc7
41. a6 Ke7 42. Ra1 Nc8 43. a7 1-0

[Event "79th DEN-ch"]
[Site "Aalborg DEN"]
[Date "2000.04.16"]
[Round "2"]
[White "Danielsen, Henrik"]
[Black "Berg, Klaus"]
[WhiteElo "2514"]
[BlackElo "2419"]
[Result "1/2-1/2"]
[EventDate "2000.04.15"]
[PlyCount "97"]
[EventCategory "11"]
[Source "ChessBase"]
[SourceDate "2000.07.27"]

1. f4 d5 2. Nf3 g6 3. g3 c6 4. Bg2 Qb6 5. Nc3 Bg7 6. e3 Nd7 7. O-O e5 8. fxe5
Nxe5 9. Nxe5 Bxe5 10. Kh1 Bg7 11. b3 Nh6 12. Bb2 O-O 13. Qc1 Qc7 14. Ne2 Bg4
15. Nf4 Rad8 16. h3 Bc8 17. Bxg7 Kxg7 18. g4 Qe7 19. Bf3 f5 20. g5 Qxg5 21. Rg1
Qh4 22. Qa3 Ng4 23. Raf1 g5 24. Qe7+ Kg8 25. Kg2 Rde8 26. Qd6 gxf4 27. Qxf4 h5
28. Be2 Re4 29. Qc7 f4 30. Rf3 Re7 31. Qd6 Rg7 32. Kh1 Nf2+ 33. Rxf2 Qxf2 34.
Rxg7+ Kxg7 35. Qe7+ Kg6 36. Bd3+ Rf5 37. Qe8+ Kg5 38. Qe7+ Kh6 39. Qd6+ Kg7 40.
Qe7+ Kh6 41. Qd6+ Kg5 42. Qe7+ Kh6 43. Qd6+ Kg7 44. Qe7+ Kg6 45. Qd6+ Kf7 46.
Qc7+ Kf6 47. Qd8+ Ke5 48. Qc7+ Kf6 49. Qd8+ 1/2-1/2

[Event "79th DEN-ch"]
[Site "Aalborg DEN"]
[Date "2000.04.16"]
[Round "2"]
[White "Fries-Nielsen, Jens Ove"]
[Black "Pedersen, Steffen"]
[WhiteElo "2430"]
[BlackElo "2454"]
[Result "0-1"]
[EventDate "2000.04.15"]
[PlyCount "83"]
[EventCategory "11"]
[Source "ChessBase"]
[SourceDate "2000.07.27"]

1. e4 c5 2. Nf3 d6 3. Bc4 Nc6 4. O-O Nf6 5. d3 a6 6. a3 Bg4 7. Nbd2 e6 8. h3
Bh5 9. Ba2 d5 10. Re1 dxe4 11. dxe4 Qc7 12. c3 Rd8 13. Qa4 Be7 14. Bb1 Nd7 15.
e5 O-O 16. Qe4 Bg6 17. Qe2 b5 18. Bxg6 hxg6 19. c4 Rb8 20. Qe4 Rfd8 21. Rb1 Nb6
22. b3 Nd4 23. cxb5 axb5 24. Bb2 Nxf3+ 25. Nxf3 Qd7 26. Re3 Qd5 27. Qg4 c4 28.
b4 Na4 29. Bc3 Qb7 30. h4 Rd7 31. Bd4 Rbd8 32. Re4 Rc8 33. Rf4 c3 34. h5 gxh5
35. Qxh5 g6 36. Qh3 Rc4 37. Rf6 Rdxd4 38. Ng5 Rh4 39. Rxg6+ fxg6 40. Qxe6+ Kh8
41. Nf7+ Kg7 42. Rc1 0-1

[Event "79th DEN-ch"]
[Site "Aalborg DEN"]
[Date "2000.04.16"]
[Round "2"]
[White "Schandorff, Lars"]
[Black "Mortensen, Erling"]
[WhiteElo "2511"]
[BlackElo "2447"]
[Result "1-0"]
[EventDate "2000.04.15"]
[PlyCount "159"]
[EventCategory "11"]
[Source "ChessBase"]
[SourceDate "2000.07.27"]

1. Nf3 Nf6 2. c4 c5 3. Nc3 Nc6 4. g3 b6 5. Bg2 Bb7 6. O-O e6 7. d4 Nxd4 8. Nxd4
Bxg2 9. Nxe6 dxe6 10. Kxg2 Be7 11. Qxd8+ Rxd8 12. a4 a5 13. Bf4 Kd7 14. Rad1+
Kc6 15. Nb5 Ne4 16. Bc7 Rd2 17. Bf4 Rdd8 18. f3 Nd6 19. Bxd6 Bxd6 20. f4 Be7
21. e4 h5 22. Kf3 Rxd1 23. Rxd1 Rd8 24. Rxd8 Bxd8 25. e5 f5 26. exf6 Bxf6 27.
Nc3 g6 28. Nd1 Kd6 29. b3 Bd4 30. Ke4 Ke7 31. Ne3 Kd6 32. Ng2 Bg1 33. h3 Ke7
34. Nh4 Kf6 35. Nf3 Bf2 36. g4 hxg4 37. hxg4 Bg3 38. g5+ Kg7 39. Ke3 Kh7 40.
Ne5 Bh2 41. Nd7 Kg7 42. Ke4 Kf7 43. Ne5+ Kg7 44. Nd7 Kf7 45. Nxb6 Ke7 46. Nc8+
Kd7 47. Na7 Bg1 48. Nb5 Ke7 49. Na7 Kd7 50. Nb5 Ke7 51. Nc3 Bd4 52. Ne2 Bb2 53.
Ng1 Kf7 54. Nf3 Bc3 55. Kd3 Bg7 56. Ke3 Bb2 57. Ke4 Bc3 58. Nh2 Bb2 59. Ng4 Bg7
60. Nf2 Ke7 61. Nd3 Kd6 62. Ne1 Ke7 63. Nf3 Kf7 64. Ke3 Bb2 65. Ne1 e5 66. Nd3
Bd4+ 67. Ke4 exf4 68. Kxf4 Bc3 69. Ne5+ Kg7 70. Ke4 Bd2 71. Nf3 Bc1 72. Kd5 Kf7
73. Ne5+ Kg7 74. Nc6 Bd2 75. Kxc5 Kf7 76. Kd5 Ke8 77. Ne5 Bxg5 78. Nxg6 Kd7 79.
Ne5+ Kc7 80. Kc5 1-0

[Event "79th DEN-ch"]
[Site "Aalborg DEN"]
[Date "2000.04.17"]
[Round "3"]
[White "Hansen, Lars Bo"]
[Black "Fries-Nielsen, Jens Ove"]
[WhiteElo "2569"]
[BlackElo "2430"]
[Result "1/2-1/2"]
[EventDate "2000.04.15"]
[PlyCount "48"]
[EventCategory "11"]
[Source "ChessBase"]
[SourceDate "2000.07.27"]

1. c4 Nf6 2. Nc3 g6 3. e4 d6 4. d4 Bg7 5. Bd3 O-O 6. Nge2 e5 7. O-O exd4 8.
Nxd4 Nc6 9. Nxc6 bxc6 10. Bg5 h6 11. Bd2 Ng4 12. h3 Ne5 13. Be2 c5 14. f4 Nc6
15. f5 Nd4 16. Bd3 c6 17. Qe1 g5 18. Qf2 Be5 19. Be2 Nc2 20. Kh1 Nxa1 21. Rxa1
Rb8 22. b3 Qf6 23. Rc1 Re8 24. Bf3 Ra8 1/2-1/2

[Event "79th DEN-ch"]
[Site "Aalborg DEN"]
[Date "2000.04.17"]
[Round "3"]
[White "Mortensen, Erling"]
[Black "Danielsen, Henrik"]
[WhiteElo "2447"]
[BlackElo "2514"]
[Result "0-1"]
[EventDate "2000.04.15"]
[PlyCount "148"]
[EventCategory "11"]
[Source "ChessBase"]
[SourceDate "2000.07.27"]

1. e4 d5 2. exd5 Qxd5 3. Nc3 Qa5 4. Bc4 c6 5. d3 Bf5 6. Bd2 e6 7. Qe2 Nf6 8.
Nd5 Qd8 9. Ne3 Bg6 10. f4 Bh5 11. Nf3 Nbd7 12. f5 e5 13. a4 Bd6 14. Rg1 Bxf3
15. Qxf3 Qe7 16. Qh3 e4 17. d4 O-O-O 18. O-O-O Nb6 19. Bb3 Bc7 20. c3 Nbd5 21.
Nxd5 cxd5 22. g4 h6 23. Be3 Kb8 24. Qg2 Nh7 25. Rdf1 Rd7 26. Rh1 Rc8 27. Kb1
Ka8 28. h4 f6 29. Rc1 Bb6 30. Ka2 Qd8 31. Rc2 Rdc7 32. Rhc1 Qd7 33. Qf1 a6 34.
c4 dxc4 35. Rxc4 Nf8 36. Rxc7 Rxc7 37. Rxc7 Bxc7 38. Qg2 Qc6 39. Bc2 Qc4+ 40.
Kb1 Nd7 41. Qxe4 Nb6 42. b3 Qc3 43. Bc1 Bd6 44. Bb2 Qc7 45. Qe6 Bg3 46. Be4
Bxh4 47. a5 Nc8 48. Ba3 Kb8 49. Qd5 Be1 50. Bf8 Bxa5 51. b4 Bb6 52. Ka2 a5 53.
b5 Ba7 54. Bf3 Ka8 55. Bc5 Bb6 56. Kb3 Ka7 57. Bf8 Kb8 58. Bc5 Ka7 59. Bf8 Ka8
60. Qc4 Qd7 61. Bd5 Qe8 62. Ba3 Qe3+ 63. Ka2 Qd2+ 64. Kb1 Qe1+ 65. Kc2 Qf2+ 66.
Kb1 Qg1+ 67. Kc2 Qh2+ 68. Kb1 Kb8 69. Be6 Nd6 70. Qd5 Qg1+ 71. Ka2 Qf2+ 72. Kb3
Qe3+ 73. Ka4 Ne4 74. Qd7 Nc3+ 0-1

[Event "79th DEN-ch"]
[Site "Aalborg DEN"]
[Date "2000.04.17"]
[Round "3"]
[White "Pedersen, Steffen"]
[Black "Hansen, Curt"]
[WhiteElo "2454"]
[BlackElo "2618"]
[Result "0-1"]
[EventDate "2000.04.15"]
[PlyCount "48"]
[EventCategory "11"]
[Source "ChessBase"]
[SourceDate "2000.07.27"]

1. d4 Nf6 2. c4 e6 3. Nf3 d5 4. Nc3 Be7 5. Bg5 O-O 6. e3 Nbd7 7. Rc1 a6 8. c5
c6 9. Bd3 e5 10. Bxf6 Bxf6 11. dxe5 Be7 12. Qc2 h6 13. Na4 Qa5+ 14. Ke2 Qc7 15.
Bf5 Rb8 16. e6 fxe6 17. Bxe6+ Kh8 18. h3 Rf6 19. Bg4 Ne5 20. Nxe5 Qxe5 21. Nb6
Bxg4+ 22. hxg4 Rbf8 23. Rcf1 Bxc5 24. Qxc5 Rxf2+ 0-1

[Event "79th DEN-ch"]
[Site "Aalborg DEN"]
[Date "2000.04.18"]
[Round "4"]
[White "Hansen, Curt"]
[Black "Schandorff, Lars"]
[WhiteElo "2618"]
[BlackElo "2511"]
[Result "1/2-1/2"]
[EventDate "2000.04.15"]
[PlyCount "41"]
[EventCategory "11"]
[Source "ChessBase"]
[SourceDate "2000.07.27"]

1. c4 c5 2. Nf3 Nc6 3. Nc3 Nd4 4. g3 Nxf3+ 5. exf3 Nf6 6. d4 cxd4 7. Qc2 d3 8.
Qxd3 b6 9. Qd4 Bb7 10. Bg2 e6 11. O-O Be7 12. Ne4 Bc5 13. Nd6+ Bxd6 14. Qxd6
Qe7 15. Qd4 O-O 16. b3 d5 17. cxd5 Bxd5 18. Bb2 Rfd8 19. Qe3 Rac8 20. Rac1 Bb7
21. Rxc8 1/2-1/2

[Event "79th DEN-ch"]
[Site "Aalborg DEN"]
[Date "2000.04.18"]
[Round "4"]
[White "Pedersen, Steffen"]
[Black "Hansen, Lars Bo"]
[WhiteElo "2454"]
[BlackElo "2569"]
[Result "1/2-1/2"]
[EventDate "2000.04.15"]
[PlyCount "115"]
[EventCategory "11"]
[Source "ChessBase"]
[SourceDate "2000.07.27"]

1. e4 e6 2. d4 d5 3. e5 c5 4. c3 Qb6 5. Nf3 Nc6 6. a3 a5 7. Bd3 Bd7 8. O-O cxd4
9. cxd4 Nxd4 10. Nxd4 Qxd4 11. Nc3 Ne7 12. Nb5 Qxe5 13. Re1 Qb8 14. Qf3 Bxb5
15. Bxb5+ Nc6 16. Qxd5 Qd6 17. Qf3 Be7 18. Bf4 Qc5 19. Re5 Qb6 20. Be3 Qc7 21.
Rh5 Rd8 22. Re1 g6 23. Bf4 Bd6 24. Bxd6 Qxd6 25. Bxc6+ Qxc6 26. Qxc6+ bxc6 27.
Rxa5 O-O 28. Rae5 Rb8 29. R1e2 Rfd8 30. g3 Rd1+ 31. Kg2 Ra1 32. R5e3 c5 33. Rc3
Ra2 34. Rcc2 Rb3 35. g4 h6 36. h4 c4 37. Rxc4 Rbxb2 38. Rxb2 Rxb2 39. Rc5 Rb3
40. Ra5 Kf8 41. g5 hxg5 42. hxg5 Kg7 43. f4 Rc3 44. a4 Kf8 45. Kf2 Ke7 46. Ra7+
Kf8 47. Ra8+ Kg7 48. Ra7 Rc5 49. a5 e5 50. Kf3 exf4 51. Kxf4 Rf5+ 52. Kg4 Rb5
53. a6 Ra5 54. Ra8 Ra4+ 55. Kg3 Ra5 56. Kg4 Ra4+ 57. Kf3 Ra5 58. Kg4 1/2-1/2

[Event "79th DEN-ch"]
[Site "Aalborg DEN"]
[Date "2000.04.20"]
[Round "5"]
[White "Berg, Klaus"]
[Black "Pedersen, Steffen"]
[WhiteElo "2419"]
[BlackElo "2454"]
[Result "1/2-1/2"]
[EventDate "2000.04.15"]
[PlyCount "34"]
[EventCategory "11"]
[Source "ChessBase"]
[SourceDate "2000.07.27"]

1. e4 c5 2. d3 e6 3. g3 Nc6 4. Bg2 Nf6 5. f4 d5 6. e5 Nd7 7. Nf3 Be7 8. O-O b5
9. c3 a5 10. d4 b4 11. Be3 bxc3 12. bxc3 Ba6 13. Rf2 cxd4 14. cxd4 Nb6 15. Nbd2
Nb4 16. Ne1 Rc8 17. a3 Nd3 1/2-1/2

[Event "79th DEN-ch"]
[Site "Aalborg DEN"]
[Date "2000.04.20"]
[Round "5"]
[White "Hansen, Lars Bo"]
[Black "Hansen, Curt"]
[WhiteElo "2569"]
[BlackElo "2618"]
[Result "1/2-1/2"]
[EventDate "2000.04.15"]
[PlyCount "46"]
[EventCategory "11"]
[Source "ChessBase"]
[SourceDate "2000.07.27"]

1. Nf3 Nf6 2. c4 c5 3. Nc3 Nc6 4. d4 cxd4 5. Nxd4 e6 6. g3 Qb6 7. Ndb5 Ne5 8.
Bf4 Nfg4 9. e3 a6 10. h3 axb5 11. hxg4 Nxc4 12. Qb3 d5 13. Bxc4 dxc4 14. Qxb5+
Qxb5 15. Nxb5 Bb4+ 16. Ke2 Ra5 17. a4 Bd7 18. Bd6 Bxd6 19. Nxd6+ Ke7 20. Nxc4
Rxa4 21. Rxa4 Bxa4 22. e4 Rc8 23. Kd3 Bb5 1/2-1/2

[Event "79th DEN-ch"]
[Site "Aalborg DEN"]
[Date "2000.04.20"]
[Round "5"]
[White "Mortensen, Erling"]
[Black "Fries-Nielsen, Jens Ove"]
[WhiteElo "2447"]
[BlackElo "2430"]
[Result "1-0"]
[EventDate "2000.04.15"]
[PlyCount "89"]
[EventCategory "11"]
[Source "ChessBase"]
[SourceDate "2000.07.27"]

1. e4 c5 2. Nf3 e6 3. d3 Nc6 4. g3 Nge7 5. Bg2 g6 6. c3 Bg7 7. d4 cxd4 8. cxd4
d5 9. e5 Nf5 10. Nc3 O-O 11. O-O f6 12. Re1 Bd7 13. Bf4 Rc8 14. Qd2 fxe5 15.
dxe5 Be8 16. Rad1 Qa5 17. a3 a6 18. g4 Nfe7 19. Bh6 b5 20. Qg5 b4 21. Ne2 bxa3
22. Bxg7 Kxg7 23. Nf4 Rxf4 24. Qxf4 Bd7 25. bxa3 Rf8 26. Qe3 Qa4 27. Nd4 Qa5
28. Rc1 Nxd4 29. Qxd4 Nc6 30. Qc3 Qxc3 31. Rxc3 Rf4 32. h3 Kh6 33. Rb3 Nd4 34.
Rb4 a5 35. Rb2 Kg5 36. Rb7 Bb5 37. Rxh7 Ne2+ 38. Rxe2 Bxe2 39. Kh2 Rxf2 40. Kg3
Rxg2+ 41. Kxg2 Kf4 42. Kf2 Bd1 43. Rf7+ Kxe5 44. Ke1 Bc2 45. h4 1-0

[Event "79th DEN-ch"]
[Site "Aalborg DEN"]
[Date "2000.04.20"]
[Round "5"]
[White "Schandorff, Lars"]
[Black "Danielsen, Henrik"]
[WhiteElo "2511"]
[BlackElo "2514"]
[Result "1/2-1/2"]
[EventDate "2000.04.15"]
[PlyCount "100"]
[EventCategory "11"]
[Source "ChessBase"]
[SourceDate "2000.07.27"]

1. d4 f5 2. g3 g6 3. Bg2 Bg7 4. Nf3 d6 5. O-O c6 6. c4 Nh6 7. Nc3 O-O 8. Qc2
Na6 9. a3 Nf7 10. Rd1 Qe8 11. d5 Bd7 12. Rb1 Rc8 13. dxc6 bxc6 14. b4 Nc7 15.
Bb2 e5 16. Nd2 e4 17. Nb3 Ne5 18. Na5 Qe6 19. Na4 Ne8 20. Rbc1 Bh6 21. e3 Nf3+
22. Kh1 g5 23. Nb3 Qf7 24. Nd2 Qh5 25. Nxf3 exf3 26. Bf1 Rc7 27. c5 d5 28. Be5
Bg7 29. Bxc7 Nxc7 30. b5 Nxb5 31. Bxb5 cxb5 32. Rxd5 Qh3 33. Rg1 Rf6 34. Rd6
Be6 35. Rxe6 Rxe6 36. Qb3 Kf7 37. Qd5 bxa4 38. Qd7+ Re7 39. Qd5+ Kg6 40. Qd6+
Bf6 41. c6 Qg4 42. Rc1 Qh3 43. Rg1 Re4 44. Qd5 Be5 45. Qe6+ Kg7 46. Qe7+ Kh6
47. Qe6+ Kh5 48. g4+ fxg4 49. Qf7+ Kh6 50. Qe6+ Kh5 1/2-1/2

[Event "79th DEN-ch"]
[Site "Aalborg DEN"]
[Date "2000.04.21"]
[Round "6"]
[White "Hansen, Curt"]
[Black "Danielsen, Henrik"]
[WhiteElo "2618"]
[BlackElo "2514"]
[Result "1-0"]
[EventDate "2000.04.15"]
[PlyCount "69"]
[EventCategory "11"]
[Source "ChessBase"]
[SourceDate "2000.07.27"]

1. d4 c5 2. d5 f5 3. g3 Nf6 4. Bg2 g6 5. b3 Bg7 6. Bb2 O-O 7. Nf3 d6 8. O-O b5
9. Na3 b4 10. Nc4 Ne4 11. Bxg7 Kxg7 12. a3 Na6 13. axb4 Nxb4 14. Ra3 Rf6 15.
Ne3 Bb7 16. c4 Qh8 17. Qa1 a6 18. Nh4 Kg8 19. f3 Ng5 20. f4 Nf7 21. Qc1 Nh6 22.
Nf3 e6 23. Ng5 e5 24. fxe5 dxe5 25. Ne6 Rc8 26. Nd1 Nf7 27. Ra5 e4 28. Qd2 Rxe6
29. dxe6 Ne5 30. Rxc5 Nec6 31. Ne3 Rd8 32. Nd5 Qg7 33. e7 Nxe7 34. Nxe7+ Qxe7
35. Qxb4 1-0

[Event "79th DEN-ch"]
[Site "Aalborg DEN"]
[Date "2000.04.21"]
[Round "6"]
[White "Hansen, Lars Bo"]
[Black "Berg, Klaus"]
[WhiteElo "2569"]
[BlackElo "2419"]
[Result "1-0"]
[EventDate "2000.04.15"]
[PlyCount "77"]
[EventCategory "11"]
[Source "ChessBase"]
[SourceDate "2000.07.27"]

1. Nf3 d6 2. d4 Bg4 3. c4 Nd7 4. Nc3 e5 5. e3 Ngf6 6. Be2 Be7 7. b3 c6 8. Bb2
a6 9. h3 Bh5 10. O-O O-O 11. dxe5 dxe5 12. Nh4 Bxe2 13. Qxe2 Re8 14. Nf5 Bf8
15. Rad1 Qc7 16. Qc2 g6 17. Ng3 Rad8 18. Rd2 a5 19. Nce4 Be7 20. Rfd1 Nxe4 21.
Nxe4 Nf6 22. Rxd8 Bxd8 23. Bc3 Nxe4 24. Qxe4 Bf6 25. g4 Qe7 26. Kg2 Ra8 27. a4
Qa3 28. Qc2 b6 29. Rd7 Re8 30. Qd1 Rf8 31. Rd6 Be7 32. Rxc6 Qa2 33. Rxb6 Bc5
34. Rb7 Bxe3 35. Qf3 Bf4 36. Bxa5 g5 37. Bb4 e4 38. Qxe4 Rd8 39. Qe7 1-0

[Event "79th DEN-ch"]
[Site "Aalborg DEN"]
[Date "2000.04.21"]
[Round "6"]
[White "Pedersen, Steffen"]
[Black "Mortensen, Erling"]
[WhiteElo "2454"]
[BlackElo "2447"]
[Result "1-0"]
[EventDate "2000.04.15"]
[PlyCount "71"]
[EventCategory "11"]
[Source "ChessBase"]
[SourceDate "2000.07.27"]

1. e4 c5 2. c3 e6 3. d4 d5 4. e5 Nc6 5. Nf3 Qc7 6. Bd3 cxd4 7. cxd4 Nb4 8. Nc3
Nxd3+ 9. Qxd3 Bd7 10. O-O Ne7 11. a3 Qc4 12. Qd1 Nc6 13. Be3 Na5 14. Rc1 Qb3
15. Rc2 Nc4 16. Nd2 Nxd2 17. Qxd2 Be7 18. Ne2 Bb5 19. Rc3 Qa4 20. Rfc1 Bd8 21.
Ng3 h5 22. Bg5 h4 23. Nf1 f6 24. exf6 gxf6 25. Bf4 h3 26. gxh3 Bc6 27. Bg3 Kf7
28. Ne3 Bb6 29. b4 a5 30. Ng4 Kg7 31. Rf3 Bd8 32. Qf4 Rh5 33. Nxf6 Rf5 34. Qg4+
Kf7 35. Rxf5 exf5 36. Qg8+ 1-0

[Event "79th DEN-ch"]
[Site "Aalborg DEN"]
[Date "2000.04.22"]
[Round "7"]
[White "Mortensen, Erling"]
[Black "Hansen, Lars Bo"]
[WhiteElo "2447"]
[BlackElo "2569"]
[Result "1-0"]
[EventDate "2000.04.15"]
[PlyCount "147"]
[EventCategory "11"]
[Source "ChessBase"]
[SourceDate "2000.07.27"]

1. e4 e5 2. Nf3 Nc6 3. Bb5 a6 4. Ba4 Nf6 5. d3 d6 6. c3 g6 7. Bg5 Bg7 8. Nbd2
Bd7 9. Nf1 h6 10. Bh4 Ne7 11. Bc2 Nh5 12. Ne3 O-O 13. d4 Qe8 14. O-O Kh8 15.
Re1 f6 16. Bg3 Nxg3 17. hxg3 h5 18. Nh4 Kh7 19. f4 Bh6 20. Nd5 Bg4 21. Qd3 Rc8
22. Bd1 Bd7 23. Nxe7 Qxe7 24. f5 gxf5 25. exf5 Be8 26. Bb3 c6 27. Be6 Rd8 28.
d5 c5 29. Re4 Bg5 30. Nf3 Kg7 31. a4 Rh8 32. a5 Rh6 33. b4 Qc7 34. Nxg5 fxg5
35. Qe3 Kf6 36. bxc5 Qxc5 37. Qxc5 dxc5 38. Rb1 Bd7 39. Rb6 Bxe6 40. Rxe6+ Kg7
41. R6xe5 b5 42. axb6 Rxb6 43. c4 Rf6 44. g4 hxg4 45. Rxg4 Rf7 46. Rge4 a5 47.
Re6 Ra8 48. Rg6+ Kf8 49. Rxg5 a4 50. Rh5 Ra5 51. Re2 a3 52. Ra2 Ra4 53. Kh2 Kg7
54. d6 Kf6 55. Rh3 Rfa7 56. Rd3 Rd7 57. Raxa3 Rxc4 58. Rd5 Rc2 59. Rh3 c4 60.
Rg3 c3 61. Rg6+ Kf7 62. Rc5 Rd2 63. Rxc3 R2xd6 64. Rc6 Rd5 65. Rcf6+ Ke7 66.
Kh3 Rc7 67. g4 Rc1 68. Kh4 Rd4 69. Kg5 Rg1 70. Rg7+ Ke8 71. Re6+ Kd8 72. Kf6
Rgxg4 73. Rxg4 Rxg4 74. Kf7 1-0

[Event "79th DEN-ch"]
[Site "Aalborg DEN"]
[Date "2000.04.22"]
[Round "7"]
[White "Nielsen, Peter Heine"]
[Black "Pedersen, Steffen"]
[WhiteElo "2564"]
[BlackElo "2454"]
[Result "1-0"]
[EventDate "2000.04.15"]
[PlyCount "59"]
[EventCategory "11"]
[Source "ChessBase"]
[SourceDate "2000.07.27"]

1. c4 e5 2. Nc3 Bb4 3. Nd5 Be7 4. d4 d6 5. e4 Nf6 6. Nxe7 Qxe7 7. f3 c6 8. d5
Nh5 9. Be3 O-O 10. g4 Nf4 11. Ne2 cxd5 12. cxd5 Qh4+ 13. Bf2 Qf6 14. Nxf4 exf4
15. Qd4 Qe7 16. O-O-O Nd7 17. Qd2 g5 18. h4 f6 19. hxg5 fxg5 20. Be2 Ne5 21.
Qb4 Kg7 22. Kb1 b6 23. Bd4 Bb7 24. Qa4 Kg8 25. Rh6 Nf7 26. Re6 Qd8 27. Bf6 Qb8
28. Rh1 Rc8 29. Qd1 h6 30. e5 1-0

[Event "79th DEN-ch"]
[Site "Aalborg DEN"]
[Date "2000.04.22"]
[Round "7"]
[White "Schandorff, Lars"]
[Black "Fries-Nielsen, Jens Ove"]
[WhiteElo "2511"]
[BlackElo "2430"]
[Result "1-0"]
[EventDate "2000.04.15"]
[PlyCount "89"]
[EventCategory "11"]
[Source "ChessBase"]
[SourceDate "2000.07.27"]

1. d4 Nf6 2. c4 e6 3. Nf3 d5 4. g3 c6 5. Bg2 Nbd7 6. Qc2 Bd6 7. Nbd2 O-O 8. O-O
Re8 9. b3 e5 10. dxe5 Nxe5 11. Bb2 Neg4 12. h3 Nxf2 13. Rxf2 Bxg3 14. Rff1 Nh5
15. e4 Nf4 16. Kh1 Nxg2 17. Kxg2 Bc7 18. e5 Re6 19. Kf2 Rh6 20. h4 Be6 21. Rg1
Qe7 22. c5 Rh5 23. Rg5 Rxg5 24. hxg5 g6 25. Bd4 Bf5 26. Qc3 Qe6 27. Qe3 Re8 28.
Rh1 Bg4 29. Qf4 Bd8 30. Nh2 Bh5 31. Ndf3 b6 32. b4 Qh3 33. Rg1 bxc5 34. bxc5
Qc8 35. Ng4 Bxg4 36. Rxg4 Qa6 37. Qd2 Ba5 38. Qe2 Qc8 39. Kg3 Bd8 40. Rf4 Qe6
41. Qh2 Be7 42. Qb2 Qc8 43. Be3 Bd8 44. Rb4 Bc7 45. Bf4 1-0

[Event "79th DEN-ch"]
[Site "Aalborg DEN"]
[Date "2000.04.23"]
[Round "8"]
[White "Fries-Nielsen, Jens Ove"]
[Black "Danielsen, Henrik"]
[WhiteElo "2430"]
[BlackElo "2514"]
[Result "0-1"]
[EventDate "2000.04.15"]
[PlyCount "120"]
[EventCategory "11"]
[Source "ChessBase"]
[SourceDate "2000.07.27"]

1. e4 d5 2. exd5 Qxd5 3. Nc3 Qa5 4. d4 Nf6 5. Bc4 Nc6 6. Nge2 Bg4 7. f3 Bf5 8.
Be3 Nb4 9. Bb3 e6 10. O-O O-O-O 11. Bf2 c5 12. Qc1 Nc6 13. Rd1 cxd4 14. Nxd4
Nxd4 15. Rxd4 Rxd4 16. Bxd4 Bc5 17. Qe3 Bxd4 18. Qxd4 Rd8 19. Qe3 a6 20. Kf2
Qc7 21. Kg1 h6 22. Re1 g5 23. Qe5 Qxe5 24. Rxe5 b5 25. a4 Nd7 26. Re2 b4 27.
Ne4 Kc7 28. a5 Nb8 29. g4 Bxe4 30. Rxe4 Nc6 31. Ba4 Nd4 32. Kf2 Rd5 33. Ke3 e5
34. c3 bxc3 35. bxc3 f5 36. gxf5 Nxf5+ 37. Ke2 Rxa5 38. Rc4+ Kb7 39. Bc6+ Kb6
40. Bd7 Ne7 41. h4 Rd5 42. Ba4 Rc5 43. Rxc5 Kxc5 44. hxg5 hxg5 45. Kd3 Nd5 46.
Bd7 Nf6 47. Ba4 g4 48. fxg4 Nxg4 49. Ke4 Kd6 50. c4 Nf2+ 51. Ke3 Nh3 52. Ke4
Ng5+ 53. Kd3 Kc5 54. Bd1 a5 55. Ba4 Kb4 56. Bd7 Nh7 57. Bb5 Nf6 58. Kc2 Ne4 59.
Ba6 a4 60. Kb2 a3+ 0-1

[Event "79th DEN-ch"]
[Site "Aalborg DEN"]
[Date "2000.04.24"]
[Round "9"]
[White "Danielsen, Henrik"]
[Black "Pedersen, Steffen"]
[WhiteElo "2514"]
[BlackElo "2454"]
[Result "1-0"]
[EventDate "2000.04.15"]
[PlyCount "69"]
[EventCategory "11"]
[Source "ChessBase"]
[SourceDate "2000.07.27"]

1. f4 d5 2. Nf3 g6 3. g3 Bg7 4. Bg2 Nh6 5. d3 c5 6. O-O Nc6 7. e4 dxe4 8. dxe4
Qxd1 9. Rxd1 e5 10. Nc3 O-O 11. Nd5 Bg4 12. c3 f5 13. Re1 fxe4 14. Nxe5 Nxe5
15. fxe5 Bf3 16. Bxh6 Bxh6 17. Nf6+ Kg7 18. Nxe4 Bxe4 19. Bxe4 Rf7 20. Rad1 Re8
21. Rd5 b6 22. Bd3 Ree7 23. Kg2 Rf8 24. Bb5 Rf5 25. Re2 Rf8 26. a4 Rb8 27. Rd6
Kh8 28. Kf3 Rf8+ 29. Ke4 Rf5 30. Kd5 Bf8 31. Rd8 Kg7 32. Bd7 Rf1 33. Kc6 Ref7
34. e6 R7f2 35. Rxf8 1-0